| 000 | 01161nam a2200313 4500 | ||
|---|---|---|---|
| 001 | 0000020798 | ||
| 003 | CO-CtgCURN | ||
| 005 | 20250828213540.0 | ||
| 008 | 160627s1998 000 0 eng d | ||
| 020 | _a9586760480 | ||
| 040 |
_aCO-CtgCURN _bspa _ccoctgcurn |
||
| 082 | 0 |
_a347.9 _bC227 |
|
| 100 | 1 | _aCanosa Torrado, Fernando. | |
| 245 | 1 | 4 |
_aLas excepciones previas y los impedimentos procesales / _cFernando Canosa Torrado. |
| 250 | _a3a ed. | ||
| 260 |
_aBogotá : _bEdiciones Doctrina y Ley, _c1998. |
||
| 300 | _axii, 223 p. | ||
| 336 | _2rdacontent | ||
| 337 |
_2rdamedia _asin mediacion _bn |
||
| 338 |
_2rdacarrier _avolumen _bnc |
||
| 504 | _aBibliografia (p. 219-223) | ||
| 505 | 8 | _aAcción, pretension y excepcion.--Tramite de las excepciones previas.--De las causales de excepcion previa en particular.--Las excepciones mixtas | |
| 650 | 0 | _aExcepciones legales. | |
| 908 | _a160627 | ||
| 942 |
_cBK _h347.9 _iC227 _2ddc _01 |
||
| 999 |
_c50084 _d50084 _x3 |
||